000 00730nam a2200253Ia 4500
003 OSt
005 20221005085604.0
006 a|||||r|||| 00| 0
007 ta
008 221004b |||||||| |||| 00| 0 eng d
024 _a25124
037 _cTextual
040 _aCRL
_cCRL
_beng
041 _2eng
_aeng
082 _aO111, 5g, G7
100 _aDunlap Orrin E.
_9614343
245 0 _aTalking on the radio
_b A practical guide for writing and broadcasting a speech.
260 _aNew York
_bGreenberg: publisher USA
_c1936
300 _a216p.
_ccm.
650 _a ENGLISH LITERATURE
650 _aENGLISH LITERATURE
942 _hO111, 5g, G7
_cTEXL
_2cc
999 _c994438
_d994438